Les émotions du pouvoir : Larmes, rires, colères des politiques (notice n° 2198182)
[ vue normale ]
| 000 -LEADER | |
|---|---|
| fixed length control field | 01520cam a2200145 4500500 |
| 005 - DATE AND TIME OF LATEST TRANSACTION | |
| control field | 20260405085519.0 |
| 041 ## - LANGUAGE CODE | |
| Language code of text/sound track or separate title | fre |
| 042 ## - AUTHENTICATION CODE | |
| Authentication code | dc |
| 100 10 - MAIN ENTRY--PERSONAL NAME | |
| Personal name | Le Bart, Christian |
| Relator term | author |
| 245 00 - TITLE STATEMENT | |
| Title | Les émotions du pouvoir : Larmes, rires, colères des politiques |
| 260 ## - PUBLICATION, DISTRIBUTION, ETC. | |
| Name of publisher, distributor, etc. | Armand Colin,<br/> |
| Date of publication, distribution, etc. | 2018.<br/> |
| 520 ## - SUMMARY, ETC. | |
| Summary, etc. | Les larmes de Ségolène Royal, les blagues de François Hollande, les colères de Philippe Seguin, les indignations de Jean-Luc Mélenchon… Les personnalités politiques laissent de plus en plus souvent transparaître des émotions intenses, comme si le temps de la retenue et du sang-froid à toute épreuve, traditionnellement associés aux fonctions politiques, était révolu. Comme si nous attendions désormais des gouvernants qu’ils expriment les mêmes émotions que nous, comme si la communauté des citoyens était devenue avant tout une communauté émotionnelle. Gouverner c’est pleurer ? Cet ouvrage esquisse une histoire des émotions des politiques, entre contrainte institutionnelle de sang-froid et exigence médiatique d’expressivité. Il restitue le travail incessant des commentateurs pour traquer les émotions, en discuter la recevabilité, en mesurer l’authenticité. Il montre comment les personnalités politiques participent d’un gouvernement des émotions qui est aussi gouvernement par les émotions. |
| 700 10 - ADDED ENTRY--PERSONAL NAME | |
| Personal name | Le Bart, Christian |
| Relator term | author |
| 856 41 - ELECTRONIC LOCATION AND ACCESS | |
| Uniform Resource Identifier | <a href="https://shs.cairn.info/les-emotions-du-pouvoir--9782200621940?lang=fr&redirect-ssocas=7080">https://shs.cairn.info/les-emotions-du-pouvoir--9782200621940?lang=fr&redirect-ssocas=7080</a> |
Pas d'exemplaire disponible.




Réseaux sociaux